000
00222nmm a2200085Ia 4500
008
150209s2015||||xx |||||||||||||||||und||
100
_a
SHARMA,RK
245
_a
PRACTICAL & VIVA IN FORENSIC MEDICNE & TOXICOLOGY
942
_2
ddc
_c
CD
999
_c
5928
_d
5928